Library Banner

انقلاب ایران (Record no. 83053)

MARC details
000 -LEADER
fixed length control field 00367nam a22001457a 4500
005 - DATE AND TIME OF LATEST TRANSACTION
control field 20160222143728.0
008 - FIXED-LENGTH DATA ELEMENTS--GENERAL INFORMATION
fixed length control field 160222b xxu||||| |||| 00| 0 eng d
040 ## - CATALOGING SOURCE
Transcribing agency PK-LaUMT
082 ## - DEWEY DECIMAL CLASSIFICATION NUMBER
Classification number AMC 955
Item number SIB-I
100 ## - MAIN ENTRY--PERSONAL NAME
Personal name سیط حسن
245 ## - TITLE STATEMENT
Title انقلاب ایران
Statement of responsibility, etc سیط حسن
260 ## - PUBLICATION, DISTRIBUTION, ETC. (IMPRINT)
Place of publication, distribution, etc لاہور
Name of publisher, distributor, etc دانیال
Date of publication, distribution, etc 1983
300 ## - PHYSICAL DESCRIPTION
Extent 407 ص
942 ## - ADDED ENTRY ELEMENTS (KOHA)
Koha item type Books
Holdings
Withdrawn status Lost status Damaged status Home library Current library Date acquired Full call number Barcode Date last seen Price effective from Koha item type
      UMT Main Campus UMT Main Campus 2016-02-22 AMC 955 SIB-I 85157 2022-01-31 2016-02-22 Books